| 000 | 00829nam0a22002651 4500 | ||
|---|---|---|---|
| 001 | rc\4566069 | ||
| 005 | 20250612120936.0 | ||
| 021 |
_aRU _b[67-53666] |
||
| 035 | _a(NLR Aleph) 008648830 | ||
| 090 |
_a8989018 _c8989018 |
||
| 100 | _a20130416d1967 |||y0rusy50 ca | ||
| 101 | 0 | _arus | |
| 102 | _aRU | ||
| 105 | _ay z ||||| | ||
| 200 | 1 |
_a"Самый страшный снаряд..." _e[О "Капитале" К. Маркса] |
|
| 210 |
_aМосква _cПолитиздат _d1967 |
||
| 215 |
_a88 с. _d20 |
||
| 604 |
_150010$aКапитал _1700#1$aМаркс$bК.$gКарл |
||
| 606 |
_a"Капитал" (Маркс К.) _2psbo |
||
| 700 | 1 |
_aМалыш _bА.И. _gАлександр Иванович |
|
| 801 | 0 |
_aRU _bNLR _gpsbo |
|
| 801 | 1 |
_aRU _bELAR _2rusmarc |
|
| 852 |
_aNLR _j67-4/13847 |
||
| 942 | _cBOOK | ||
| 980 | _aNB | ||